Sour Patch Kids Type And Flavours - Statistics

General Stats
  • This quiz has been taken 12 times
  • The average score is 7 of 15
Answer Stats
Answer % Correct
lemon
82%
lime
82%
orange
82%
cherry
73%
watermelon
73%
grape
64%
peach
64%
blue raspberry
55%
pineapple
45%
red berry
27%
cola
18%
apple harvest
9%
paridise punch
9%
tropical twist
9%
black raspberry
0%
No matching quizzes found
Score Distribution
Percent of People with Each Score
Percentile by Number Answered
Your Score History
You have not taken this quiz